| 000 | 00566nam a2200181 a 4500 | ||
|---|---|---|---|
| 005 | 20210219150117.0 | ||
| 008 | 991125s1962 mx 000 0 spa u | ||
| 035 | _aUPN01000007686 | ||
| 049 | _aSEP | ||
| 050 | 4 | _aND346 C54 | |
| 245 | 0 | 0 |
_aCien años de pintura en Francia : _bde 1850 a nuestros días / _cInstituto Nacional de Bellas Artes |
| 260 |
_aMéxico : _bINBA, _c1962 |
||
| 300 | _a125 p., [60] p. de láms. | ||
| 650 | 4 |
_aPINTURA FRANCESA- _vEXPOSICIONES |
|
| 710 | 2 | _aInstituto Nacional de Bellas Artes (México) | |
| 904 |
_aAC _b007686 |
||
| 905 | _aLibro | ||
| 999 |
_c7686 _d7686 |
||